| 000 | 00377cam a2200145ua 4500 | ||
|---|---|---|---|
| 041 |
_aeng _h |
||
| 082 |
_a826 _bSMI/LE |
||
| 100 | _aSmith, Nowell C . | ||
| 245 |
_aLetters of Sidney smith,vol-1 / _cNowell C Smith. _hTextual Documents |
||
| 260 |
_aLondon : _bOxford at the Clarendon Press , _c1953. |
||
| 300 | _a491 ; . | ||
| 504 | _a | ||
| 942 | _cBK | ||
| 999 |
_c4728 _d4728 |
||